000 005670000a22001810004500
003 MACL
005 20160309162328.0
008 160309b xxu||||| |||| 00| 0 eng d
040 _aMACL
_cMACL
041 _aHindi
082 _a891.433
100 _aलक्ष्‍मीसागर वार्ष्‍णेय
_940226
245 _aश्री चन्‍द्रावली
260 _bविश्‍वविघालय प्रकाशन
_aगोरखपुर
350 _a1.50
650 _aDrama
_944268
942 _cHIN
_k891.432
_2ddc
999 _c23432
_d23432